[Event "EU-chT U18 Girls"]
[Site "Pardubice"]
[Date "2019.07.13"]
[Round "3.2"]
[White "Rahulan, Thivyaa"]
[Black "Lhotska, Anna"]
[Result "0-1"]
[WhiteElo "1878"]
[BlackElo "1922"]
[PlyCount "88"]
[EventDate "2019.07.11"]
[EventType "team-swiss"]
[EventRounds "7"]
[EventCountry "CZE"]
[SourceTitle "CBM 191 Extra"]
[Source "ChessBase"]
[SourceDate "2019.09.30"]
[SourceVersion "1"]
[SourceVersionDate "2019.09.30"]
[SourceQuality "1"]
[WhiteTeam "England U18 Girls"]
[BlackTeam "Czech Republic U18 Girls II"]
[WhiteTeamCountry "ENG"]
[BlackTeamCountry "CZE"]

1. e4 c5 2. Nf3 d6 3. d4 cxd4 4. Nxd4 Nf6 5. Nc3 a6 6. f3 e5 7. Nb3 Be7 8. Be3 Be6 9. Qd2 Nbd7 10. 0-0-0 b5 11. g4 Nb6 12. g5 Nfd7 13. Na5 Qc7 14. Nd5 Nxd5 15. exd5 Bf5 16. Nc6 Rc8 17. Bd3 Bg6 18. h4 Nb8 19. Nxb8 Rxb8 20. h5 Bxd3 21. Qxd3 Rc8 22. Kb1 Qd7 23. Rdg1 f6 24. gxf6 Bxf6 25. Rg2 Qf7 26. Qf5 Qd7 27. Qd3 Rc4 28. b3 Rh4 29. Rxh4 Bxh4 30. Qe4 Bf6 31. Bg5 0-0 32. h6 g6 33. Qe3 Bxg5 34. Qxg5 Rxf3 35. Qh5 Qf5 36. Qh4 Qf6 37. Qg4 Rf1+ 38. Kb2 e4+ 39. c3 Qf5 40. Qe2 Rf3 41. Qd2 e3 42. Qd4 Qf6 43. Qxf6 Rxf6 44. Kc1 Rf1+ 0-1

[Event "EU-chT U18 Girls"]
[Site "Pardubice"]
[Date "2019.07.11"]
[Round "1.2"]
[White "Rahulan, Thivyaa"]
[Black "Malicka, Maria"]
[Result "1/2-1/2"]
[WhiteElo "1878"]
[BlackElo "2115"]
[PlyCount "135"]
[EventDate "2019.07.11"]
[EventType "team-swiss"]
[EventRounds "7"]
[EventCountry "CZE"]
[SourceTitle "CBM 191 Extra"]
[Source "ChessBase"]
[SourceDate "2019.09.30"]
[SourceVersion "1"]
[SourceVersionDate "2019.09.30"]
[SourceQuality "1"]
[WhiteTeam "England U18 Girls"]
[BlackTeam "Poland U18 Girls II"]
[WhiteTeamCountry "ENG"]
[BlackTeamCountry "CZE"]

1. e4 e5 2. Nf3 Nc6 3. Bc4 Bc5 4. c3 Nf6 5. d3 a6 6. Bb3 Ba7 7. 0-0 d6 8. h3 h6 9. Nbd2 0-0 10. Re1 Nh5 11. Nf1 Qf6 12. Be3 Bxe3 13. Nxe3 Nf4 14. Kh2 Be6 15. Bc2 Rad8 16. d4 d5 17. Nxd5 Nxd5 18. exd5 Bxd5 19. Nxe5 Qxf2 20. Re2 Qf4+ 21. g3 Qf6 22. Qd3 g6 23. Ng4 Qg7 24. Rf1 Be6 25. Nf6+ Kh8 26. g4 Ne7 27. Bb3 Rd6 28. Ne4 Rdd8 29. Bxe6 fxe6 30. Rxf8+ Qxf8 31. Nc5 Nd5 32. Nxe6 Qd6+ 33. Qg3 Re8 34. Qxd6 cxd6 35. Nf4 Rxe2+ 36. Nxe2 Kg7 37. Kg3 Kf6 38. Nf4 Ne3 39. Kf3 Nc4 40. b3 Nb6 41. h4 g5 42. hxg5+ hxg5 43. Nd3 Nd7 44. Ke4 Ke6 45. c4 Nf6+ 46. Kf3 Nd7 47. d5+ Kf6 48. Ke4 a5 49. a3 b6 50. b4 axb4 51. axb4 Kg6 52. Kd4 Kf7 53. Nf2 Ke7 54. Ne4 Ne5 55. Nxd6 Nxg4 56. Ne4 Nh6 57. Nxg5 Nf5+ 58. Ke5 Ne3 59. Kd4 Nf5+ 60. Kd3 Kd6 61. Ne4+ Ke5 62. d6 Nxd6 63. Nxd6 Kxd6 64. Kd4 Ke6 65. c5 Kd7 66. Kd5 bxc5 67. Kxc5 Kc7 68. b5 1/2-1/2

[Event "BCF-chT2 1819 (4NCL) Demotion"]
[Site "England"]
[Date "2019.05.04"]
[Round "9.76"]
[White "Murphy, Hugh"]
[Black "Rahulan, Thivyaa"]
[Result "1-0"]
[WhiteElo "2102"]
[BlackElo "1975"]
[PlyCount "127"]
[EventDate "2018.11.10"]
[EventType "team-tourn"]
[EventRounds "11"]
[EventCountry "ENG"]
[SourceTitle "EXT 2021"]
[Source "ChessBase"]
[SourceDate "2020.10.23"]
[SourceVersion "1"]
[SourceVersionDate "2020.10.23"]
[SourceQuality "1"]
[WhiteTeam "Grantham Sharks II"]
[BlackTeam "Manchester Manticores"]
[WhiteTeamCountry "ENG"]
[BlackTeamCountry "ENG"]

1. d4 f5 2. Bf4 Nf6 3. e3 e6 4. Nf3 Be7 5. h3 d6 6. Be2 Bd7 7. 0-0 0-0 8. c4 Be8 9. Nc3 h6 10. b4 Nbd7 11. Rc1 g5 12. Bh2 Kh8 13. c5 Rg8 14. cxd6 Bxd6 15. Nb5 Bxh2+ 16. Nxh2 Nd5 17. Qb3 a6 18. Nc3 N7f6 19. Nxd5 Nxd5 20. Bf3 Bc6 21. Rfe1 Qd6 22. a3 Raf8 23. Qb2 Rg7 24. Rcd1 Qd7 25. g3 Qf7 26. Bg2 h5 27. Nf3 Qf6 28. Ne5 Ba4 29. Rc1 f4 30. Rc5 b6 31. Rcc1 g4 32. hxg4 fxg3 33. fxg3 Qg5 34. Qd2 hxg4 35. Bxd5 exd5 36. Rf1 Rxf1+ 37. Rxf1 Kg8 38. Qf2 Qe7 39. Qf5 Bd7 40. Nxd7 Qxd7 41. Qf8+ Kh7 42. Rf5 Qe6 43. Rh5+ Kg6 44. Re5 Qd7 45. Qh8 c6 46. Qh5+ Kf6 47. Kg2 b5 48. Kg1 Rg6 49. Qh8+ Kf7 50. Kg2 Rg7 51. Qh6 Rg6 52. Qh4 Rg7 53. Qh5+ Kf6 54. Qh6+ Kf7 55. Qf4+ Kg8 56. Rf5 Qe8 57. Rf6 Qh5 58. Kg1 Qe8 59. Kg2 Qh5 60. Rf8+ Kh7 61. Qb8 Qh3+ 62. Kg1 Kg6 63. Qe8+ Kg5 64. Qe5+ 1-0

[Event "Stevenage 4NCL Easter op"]
[Site "Stevenage"]
[Date "2019.04.19"]
[Round "1"]
[White "Rahulan, Thivyaa"]
[Black "Walker, Martin Graham"]
[Result "0-1"]
[WhiteElo "1889"]
[BlackElo "2166"]
[PlyCount "66"]
[EventDate "2019.04.19"]
[EventType "swiss"]
[EventRounds "7"]
[EventCountry "ENG"]
[SourceTitle "CBM 189 Extra"]
[Source "ChessBase"]
[SourceDate "2019.06.03"]
[SourceVersion "1"]
[SourceVersionDate "2019.06.03"]
[SourceQuality "1"]

1. e4 Nf6 2. e5 Nd5 3. d4 d6 4. c4 Nb6 5. exd6 cxd6 6. Bd3 g6 7. Nc3 Bg7 8. Nge2 Nc6 9. Be3 0-0 10. a3 d5 11. c5 Nc4 12. Qc1 Nxe3 13. fxe3 e5 14. dxe5 Nxe5 15. Bc2 Re8 16. 0-0 Ng4 17. Rf3 d4 18. Ne4 d3 19. Nd6 dxc2 20. Nxe8 Qxe8 21. Qxc2 Nxe3 22. Qd3 Ng4 23. Nc3 Bf5 24. Qc4 Ne5 25. Qf1 Nxf3+ 26. Qxf3 Rd8 27. Rc1 Rd2 28. b4 Bd4+ 29. Kh1 Bxc3 30. Qxc3 Qe2 31. Qf3 Be4 32. Qxe2 Rxe2 33. Rg1 Ra2 0-1

[Event "BCF-chT2a 1819 (4NCL)"]
[Site "England"]
[Date "2019.02.09"]
[Round "5.47"]
[White "Willmoth, Robert"]
[Black "Rahulan, Thivyaa"]
[Result "1-0"]
[WhiteElo "2237"]
[BlackElo "1975"]
[PlyCount "90"]
[EventDate "2018.11.10"]
[EventType "team-tourn"]
[EventRounds "11"]
[EventCountry "ENG"]
[SourceTitle "EXT 2021"]
[Source "ChessBase"]
[SourceDate "2020.10.23"]
[SourceVersion "1"]
[SourceVersionDate "2020.10.23"]
[SourceQuality "1"]
[WhiteTeam "Barnet Knights"]
[BlackTeam "Manchester Manticores"]
[WhiteTeamCountry "ENG"]
[BlackTeamCountry "ENG"]

1. d4 f5 2. Nf3 Nf6 3. Bf4 g6 4. e3 Bg7 5. h3 0-0 6. Bc4+ e6 7. Nbd2 Nc6 8. c3 a6 9. Qe2 Re8 10. Ne5 Na5 11. Bd3 d6 12. Nef3 Nc6 13. 0-0-0 b5 14. e4 e5 15. dxe5 dxe5 16. Bg5 f4 17. Nb3 Qe7 18. Kb1 Be6 19. g3 fxg3 20. fxg3 Qf7 21. Nc1 Nh5 22. Qg2 Rf8 23. Rhf1 Qe8 24. Be3 h6 25. Bc5 Rf7 26. Nh4 Rd7 27. Be2 Rxd1 28. Bxd1 Nf6 29. g4 Nd7 30. Be3 b4 31. cxb4 Kh7 32. a3 Rb8 33. Ba4 Nd4 34. Nf3 Nxf3 35. Qxf3 Qe7 36. Bb3 Kg8 37. Qd1 a5 38. Bxe6+ Qxe6 39. bxa5 Bf8 40. Ka1 Qa6 41. Qd5+ Kh8 42. Rf7 Nf6 43. Qxe5 Bg7 44. Bd4 Re8 45. Rxf6 Rxe5 1-0

[Event "Hastings Masters op 94th"]
[Site "Hastings"]
[Date "2019.01.04"]
[Round "8"]
[White "Fryer, David William"]
[Black "Rahulan, Thivyaa"]
[Result "1-0"]
[WhiteElo "1932"]
[BlackElo "1814"]
[PlyCount "49"]
[EventDate "2018.12.28"]
[EventType "swiss"]
[EventRounds "10"]
[EventCountry "ENG"]
[SourceTitle "CBM 188 Extra"]
[Source "ChessBase"]
[SourceDate "2019.02.26"]
[SourceVersion "1"]
[SourceVersionDate "2019.02.26"]
[SourceQuality "1"]

1. e4 e6 2. d3 d5 3. Nd2 Nf6 4. Ngf3 c5 5. g3 b5 6. Bg2 Nc6 7. 0-0 Be7 8. Re1 Bb7 9. e5 Nd7 10. Nf1 Qb6 11. c3 a5 12. h4 Ba6 13. Bf4 b4 14. Ne3 bxc3 15. bxc3 Rb8 16. Nxd5 exd5 17. e6 Rd8 18. Ng5 Bxg5 19. exd7+ Kf8 20. hxg5 Rxd7 21. Rb1 Qd8 22. Qa4 Na7 23. Rb8 Nc8 24. Qc6 Ra7 25. Bd6+ 1-0

[Event "Hastings Masters op 94th"]
[Site "Hastings"]
[Date "2018.12.28"]
[Round "1"]
[White "Rahulan, Thivyaa"]
[Black "Rice, Christopher"]
[Result "1/2-1/2"]
[WhiteElo "1814"]
[BlackElo "1998"]
[PlyCount "45"]
[EventDate "2018.12.28"]
[EventType "swiss"]
[EventRounds "10"]
[EventCountry "ENG"]
[SourceTitle "CBM 188 Extra"]
[Source "ChessBase"]
[SourceDate "2019.02.26"]
[SourceVersion "1"]
[SourceVersionDate "2019.02.26"]
[SourceQuality "1"]

1. e4 e5 2. Nf3 Nc6 3. Bc4 Nf6 4. d3 Be7 5. 0-0 0-0 6. Re1 d6 7. c3 Na5 8. Bb5 a6 9. Ba4 b5 10. Bc2 c5 11. Nbd2 Re8 12. Nf1 h6 13. Bd2 Bf8 14. a4 Bb7 15. Ng3 Nc6 16. axb5 axb5 17. Qe2 Qd7 18. d4 c4 19. d5 Ne7 20. Nh4 Qg4 21. Qxg4 Nxg4 22. h3 Nf6 23. Be3 1/2-1/2

[Event "Telford 4NCL op"]
[Site "Telford"]
[Date "2018.11.02"]
[Round "4"]
[White "Rahulan, Thivyaa"]
[Black "Ther, Mate T"]
[Result "0-1"]
[WhiteElo "1868"]
[BlackElo "1759"]
[PlyCount "64"]
[EventDate "2018.10.31"]
[EventType "swiss"]
[EventRounds "9"]
[EventCountry "ENG"]
[SourceTitle "CBM 187 Extra"]
[Source "ChessBase"]
[SourceDate "2018.11.04"]
[SourceVersion "1"]
[SourceVersionDate "2018.11.04"]
[SourceQuality "1"]

1. e4 e5 2. Nf3 Nc6 3. Bc4 Bc5 4. c3 Nf6 5. d3 0-0 6. 0-0 d6 7. Re1 Be6 8. Bb3 Qd7 9. Be3 Rad8 10. Nbd2 Bxe3 11. fxe3 d5 12. exd5 Bxd5 13. d4 Qg4 14. Bxd5 Nxd5 15. c4 Ndb4 16. d5 e4 17. h3 Qg6 18. Nh4 Qg5 19. dxc6 Qxh4 20. cxb7 Rd6 21. Re2 Rfd8 22. Qf1 Rb6 23. Nb3 Rxb7 24. Rd1 Nd3 25. Red2 Rd6 26. Qf5 Rb8 27. Qa5 Qg3 28. Qxc7 Qxe3+ 29. Kh2 Rbd8 30. Nc1 Qf4+ 31. g3 Qf3 32. Nxd3 e3 0-1

[Event "ENG-ch (Women)"]
[Site "Solihull"]
[Date "2018.09.01"]
[Round "3"]
[White "Volovich, Julia"]
[Black "Rahulan, Thivyaa"]
[Result "0-1"]
[WhiteElo "1651"]
[BlackElo "1800"]
[PlyCount "106"]
[EventDate "2018.08.31"]
[EventType "swiss"]
[EventRounds "5"]
[EventCountry "ENG"]
[SourceTitle "CBM 186 Extra"]
[Source "ChessBase"]
[SourceDate "2018.08.24"]
[SourceVersion "1"]
[SourceVersionDate "2018.08.24"]
[SourceQuality "1"]

1. d4 e6 2. c4 f5 3. Nc3 Nf6 4. Bg5 Be7 5. e3 0-0 6. Bd3 d6 7. Nf3 Qe8 8. Qc2 Bd8 9. 0-0-0 Bd7 10. e4 Nc6 11. a3 fxe4 12. Nxe4 Nxe4 13. Bxe4 Bxg5+ 14. Nxg5 g6 15. d5 exd5 16. Bxd5+ Kg7 17. Rhe1 Qd8 18. Qc3+ Qf6 19. Bxc6 Qxc3+ 20. bxc3 bxc6 21. Re7+ Kf6 22. Rxd7 Kxg5 23. f3 Rf4 24. Rd4 Raf8 25. Kc2 R4f7 26. Rxf7 Rxf7 27. Re4 Kf6 28. Kd3 Re7 29. Rxe7 Kxe7 30. f4 Ke6 31. g4 c5 32. Ke4 c6 33. f5+ gxf5+ 34. gxf5+ Kf6 35. a4 a5 36. Kf4 d5 37. h3 h6 38. Kg4 Ke5 39. cxd5 cxd5 40. h4 d4 41. cxd4+ cxd4 42. f6 Kxf6 43. Kf4 h5 44. Ke4 d3 45. Kxd3 Kf5 46. Kc4 Kg4 47. Kb5 Kxh4 48. Kxa5 Kg5 49. Kb6 h4 50. a5 h3 51. a6 h2 52. a7 h1Q 53. Kc7 Qa8 0-1

[Event "Coventry 4NCL op-A 16th"]
[Site "Coventry"]
[Date "2017.11.05"]
[Round "5"]
[White "Bates, Richard"]
[Black "Rahulan, Thivyaa"]
[Result "1-0"]
[WhiteElo "2397"]
[BlackElo "1737"]
[PlyCount "69"]
[EventDate "2017.11.03"]
[EventType "swiss"]
[EventRounds "5"]
[EventCountry "ENG"]
[SourceTitle "CBM 181 Extra"]
[Source "ChessBase"]
[SourceDate "2017.12.12"]
[SourceVersion "1"]
[SourceVersionDate "2017.12.12"]
[SourceQuality "1"]

1. d4 e6 2. Nf3 f5 3. g3 Nf6 4. Bg2 d5 5. 0-0 Bd6 6. c4 c6 7. Nc3 0-0 8. Qc2 Ne4 9. Be3 b6 10. Nxe4 fxe4 11. Ne5 Bb7 12. f3 exf3 13. exf3 Bxe5 14. dxe5 Qe7 15. f4 dxc4 16. Rfd1 b5 17. Rd6 Na6 18. Bh3 Nc7 19. Rad1 Rfd8 20. Bxa7 Qe8 21. Qd2 Rxd6 22. Qxd6 Rc8 23. Bb6 Nd5 24. Bxe6+ Kh8 25. Bxc8 Bxc8 26. e6 Kg8 27. Bc5 h6 28. Re1 Nf6 29. Bd4 Nd5 30. f5 Ne7 31. Qe5 Qf8 32. Bc5 Qe8 33. f6 gxf6 34. Qxf6 Nd5 35. Qxh6 1-0

[Event "Coventry 4NCL op-A 16th"]
[Site "Coventry"]
[Date "2017.11.04"]
[Round "3"]
[White "Rahulan, Thivyaa"]
[Black "Munshi, Aditya"]
[Result "1-0"]
[WhiteElo "1737"]
[BlackElo "1986"]
[PlyCount "77"]
[EventDate "2017.11.03"]
[EventType "swiss"]
[EventRounds "5"]
[EventCountry "ENG"]
[SourceTitle "CBM 181 Extra"]
[Source "ChessBase"]
[SourceDate "2017.12.12"]
[SourceVersion "1"]
[SourceVersionDate "2017.12.12"]
[SourceQuality "1"]

1. e4 c6 2. c4 d5 3. cxd5 cxd5 4. exd5 Nf6 5. Qa4+ Nbd7 6. Nc3 g6 7. Bc4 Bg7 8. Nf3 0-0 9. Qb3 a6 10. a4 b6 11. 0-0 Bb7 12. d4 Qc7 13. Bd2 Rac8 14. Be2 Qb8 15. Bc4 Qc7 16. Be2 Qd6 17. Bc4 Rfd8 18. Rac1 Qb8 19. Rfe1 Bf8 20. Ne5 Qd6 21. Bf4 Nh5 22. Ne4 Qb8 23. Nxd7 Qxf4 24. Nxb6 Rb8 25. Qe3 Bh6 26. g3 Qxe3 27. fxe3 f5 28. Nc5 Bc8 29. a5 Nf6 30. d6+ Kf8 31. dxe7+ Kxe7 32. Nxa6 Bxa6 33. Bxa6 Ne4 34. b4 Nd2 35. Kg2 Ne4 36. Rc7+ Kd6 37. Rec1 Ke6 38. R1c6+ Nd6 39. Bc4+ 1-0

[Event "Wch U14 Girls"]
[Site "Montevideo"]
[Date "2017.09.20"]
[Round "5"]
[White "Rahulan, Thivyaa"]
[Black "Staal, Michaela Francis"]
[Result "1/2-1/2"]
[WhiteElo "1760"]
[BlackElo "1321"]
[PlyCount "69"]
[EventDate "2017.09.17"]
[EventType "swiss"]
[EventRounds "11"]
[EventCountry "URU"]
[SourceTitle "CBM 180 Extra"]
[Source "ChessBase"]
[SourceDate "2017.10.06"]
[SourceVersion "1"]
[SourceVersionDate "2017.10.06"]
[SourceQuality "1"]

1. e4 c5 2. c3 Nf6 3. e5 Nd5 4. d4 cxd4 5. Nf3 Nc6 6. cxd4 d6 7. Bc4 Nb6 8. Bb5 Bd7 9. Nc3 Qc7 10. Bf4 e6 11. Rc1 d5 12. 0-0 Be7 13. Bd3 0-0 14. Re1 Qd8 15. Ra1 Rc8 16. Bc1 f6 17. exf6 Bxf6 18. Be3 Nb4 19. Bf1 Qe8 20. a3 Ba4 21. Nxa4 Nc2 22. Nc5 Nxe1 23. Qxe1 e5 24. dxe5 Bxe5 25. Nxe5 Qxe5 26. Qd2 Rc7 27. g3 Nc4 28. Bxc4 dxc4 29. Rc1 Rxc5 30. Bxc5 Qxc5 31. Qe3 Qxe3 32. fxe3 Rf3 33. e4 b5 34. Re1 Kf7 35. Kg2 1/2-1/2

[Event "Wch U14 Girls"]
[Site "Montevideo"]
[Date "2017.09.19"]
[Round "4"]
[White "Pandey, Divya"]
[Black "Rahulan, Thivyaa"]
[Result "1/2-1/2"]
[WhiteElo "1421"]
[BlackElo "1760"]
[PlyCount "53"]
[EventDate "2017.09.17"]
[EventType "swiss"]
[EventRounds "11"]
[EventCountry "URU"]
[SourceTitle "CBM 180 Extra"]
[Source "ChessBase"]
[SourceDate "2017.10.06"]
[SourceVersion "1"]
[SourceVersionDate "2017.10.06"]
[SourceQuality "1"]

1. d4 e6 2. c4 f5 3. Nc3 Nf6 4. Bf4 Be7 5. Nf3 0-0 6. e3 d6 7. Bd3 Qe8 8. 0-0 Bd8 9. h3 Nc6 10. Bh2 e5 11. dxe5 dxe5 12. Bc2 e4 13. Nd4 Ne5 14. b3 c6 15. a3 Bc7 16. b4 Qg6 17. Kh1 Qh6 18. c5 Nfg4 19. Bxe5 Bxe5 20. Qe1 g5 21. Rd1 Bc7 22. f4 gxf4 23. exf4 Nf6 24. Qg3+ Kh8 25. Qg5 Qxg5 26. fxg5 Nh5 27. Nxe4 1/2-1/2

[Event "ENG-ch (Women)"]
[Site "West Bromwich"]
[Date "2017.09.03"]
[Round "4"]
[White "Lauterbach, Ingrid"]
[Black "Rahulan, Thivyaa"]
[Result "0-1"]
[WhiteElo "2032"]
[BlackElo "1760"]
[PlyCount "80"]
[EventDate "2017.09.01"]
[EventType "swiss"]
[EventRounds "5"]
[EventCountry "ENG"]
[SourceTitle "CBM 180 Extra"]
[Source "ChessBase"]
[SourceDate "2017.10.06"]
[SourceVersion "1"]
[SourceVersionDate "2017.10.06"]
[SourceQuality "1"]

1. Nf3 f5 2. g3 g6 3. Bg2 Bg7 4. c4 Nf6 5. Nc3 d6 6. 0-0 0-0 7. d3 e5 8. Rb1 c6 9. e4 f4 10. Qb3 Kh8 11. c5 Nh5 12. cxd6 Qxd6 13. Ne2 fxg3 14. fxg3 b6 15. Ng5 Rxf1+ 16. Bxf1 Qf8 17. Nf7+ Kg8 18. Nxe5+ Kh8 19. Nf7+ Kg8 20. Nd6+ Kh8 21. Nxc8 Qxc8 22. Nf4 Nxf4 23. Bxf4 Nd7 24. Bg2 Nc5 25. Qc2 Qd7 26. Bf1 Rd8 27. Bg5 Qd4+ 28. Kg2 Rd7 29. b4 Nxd3 30. Qxc6 h6 31. Qxg6 hxg5 32. Qe8+ Kh7 33. Qh5+ Kg8 34. Qe8+ Kh7 35. Qh5+ Bh6 36. Qf3 Ne5 37. Qf5+ Kg7 38. Re1 Rf7 39. Qe6 Qf2+ 40. Kh3 g4+ 0-1

[Event "ENG-ch (Women)"]
[Site "West Bromwich"]
[Date "2017.09.02"]
[Round "3"]
[White "Sheikh, Anum"]
[Black "Rahulan, Thivyaa"]
[Result "0-1"]
[WhiteElo "1469"]
[BlackElo "1760"]
[PlyCount "88"]
[EventDate "2017.09.01"]
[EventType "swiss"]
[EventRounds "5"]
[EventCountry "ENG"]
[SourceTitle "CBM 180 Extra"]
[Source "ChessBase"]
[SourceDate "2017.10.06"]
[SourceVersion "1"]
[SourceVersionDate "2017.10.06"]
[SourceQuality "1"]

1. e4 e6 2. d3 d5 3. Nd2 Nf6 4. Ngf3 Nc6 5. g3 dxe4 6. dxe4 e5 7. Bg2 Bc5 8. 0-0 0-0 9. h3 Qe7 10. Qe2 h6 11. c3 Be6 12. Nb3 Bb6 13. Bd2 Qd7 14. Kh2 Rfd8 15. Rad1 Qd3 16. Qxd3 Rxd3 17. Rde1 Bc4 18. Be3 Rxe3 19. fxe3 Bxf1 20. Rxf1 Bxe3 21. Re1 Bb6 22. Nbd2 Nd7 23. b4 f6 24. a4 a5 25. b5 Ne7 26. Nb3 Nc8 27. Nfd2 Nd6 28. Bf1 Kf8 29. Nc4 Nf7 30. h4 Nd8 31. Rd1 Ke7 32. Nb2 Ne6 33. Nd3 Rc8 34. Bh3 c6 35. c4 cxb5 36. cxb5 Rc4 37. Bf5 Rxa4 38. Rb1 Rc4 39. Kh3 Nd4 40. Nxd4 Rxd4 41. Nb2 Rb4 42. Bxd7 Kxd7 43. Rd1+ Ke6 44. Nd3 Rxb5 0-1